| 000 | 00441nam a22001697a 4500 | ||
|---|---|---|---|
| 005 | 20160513111742.0 | ||
| 008 | 160513b xxu||||| |||| 00| 0 eng d | ||
| 020 | _a81-5054618-1 | ||
| 041 | _aeng | ||
| 082 | _b1860 | ||
| 100 |
_aP.C. Tripathi C.B. Gupta. N.D. Kapoor _9549 |
||
| 245 | _aIndustrial Relations and labour laws | ||
| 260 |
_aNew Delhi _bSultan Chand & Sons. _c2009 |
||
| 300 | _a551 | ||
| 650 |
_aManagement _9241 |
||
| 942 | _cBK | ||
| 999 |
_c716 _d716 |
||